| 000 | 00344nam a2200121Ia 4500 | ||
|---|---|---|---|
| 999 |
_c2999 _d2999 |
||
| 008 | 200103s 1987 ||||xx |||||||||||||| ||und|| | ||
| 082 |
_a629.9 _bTNI |
||
| 100 | _aThe Nautical Institute | ||
| 245 | 0 | _aMonograph: The handling of offshore Supply vessels | |
| 260 |
_bThe Nautical Institute _c1987 _aLondon |
||
| 300 | _a28p. | ||
| 942 | _cBK | ||